| 000 -ლიდერი |
| ფიქსირებული სიგრძის საკონტროლო ველი |
01047nam a2200217Ia 4500 |
| 001 - საკონტროლო ნომერი |
| საკონტროლო ველი |
2807 |
| 003 - საკონტროლო ნომრის იდენტიფიკატორი |
| საკონტროლო ველი |
GE_BSU |
| 005 - ბოლო ოპერაციის თარიღი და დრო |
| საკონტროლო ველი |
20190506151955.0 |
| 008 - ფიქსირებული სიგრძის მონაცემთა ელემენტები - ზოგადი ინფორმაცია |
| ფიქსირებული სიგრძის საკონტროლო ველი |
181216s1997||||ge |||||||||||||| ||geo|| |
| 040 ## - კატალოგიზაციის წყარო |
| Transcribing agency |
GE_BSU |
| 041 ## - ენის კოდი |
| Language code of text/sound track or separate title |
geo |
| 080 ## - უნივერსალური ათობითი კლასიფიკაციის ინდექსი |
| Universal Decimal Classification number |
330.1(076.1) გ-19 |
| 245 ## - ცნობა სათაურის შესახებ |
| Title |
გამოყენებითი ეკონომიკა =Junior Achievement–Applied Economis: |
| Remainder of title |
სავარჯიშოთა კრებული |
| Statement of responsibility, etc |
ინგ. თარგმნა : ირაკლი გაბრიაძემ ; რედ : თენგიზ ჭიაბრიშვილი |
| 250 ## - გამოცემის ცნობა |
| Edition statement |
I-ლი ქართული გამოცემა |
| 264 ## - წარმოების, გამოცემის, დისტრიბუციის და სხვა ცნობები |
| გამოცემის, წარმოების, დისტრიბუციის... ადგილი |
თბილისი . : |
| გამოცემის, წარმოების, დისტრიბუციის... სახელწოდება |
მარიხი, |
| გამოცემის, წარმოების, დისტრიბუციის... თარიღი |
1997. |
| 300 ## - ფიზიკური აღწერა |
| Extent |
268 გვ.; |
| Other physical details |
ილ. |
| Dimensions |
28სმ. |
| 653 ## - INDEX TERM--UNCONTROLLED |
| Uncontrolled term |
ეკონომიკა |
| 700 ## - ADDED ENTRY--PERSONAL NAME |
| Personal name |
გაბრიაძე, ირაკლი |
| Relator term |
მთარგმნელი |
| 9 (RLIN) |
803 |
| 700 ## - ADDED ENTRY--PERSONAL NAME |
| Personal name |
ჭიაბრიშვილი, თენგიზ |
| Relator term |
რედაქტორი |
| 9 (RLIN) |
804 |
| 942 ## - ADDED ENTRY ELEMENTS (KOHA) |
| Koha item type |
წიგნი |
| Source of classification or shelving scheme |
|